Killing a virus with Stones? (Record no. 4104)

MARC details
000 -LEADER
fixed length control field 00387nam a22001217a 4500
003 - CONTROL NUMBER IDENTIFIER
control field OSt
005 - DATE AND TIME OF LATEST TRANSACTION
control field 20250701083308.0
008 - FIXED-LENGTH DATA ELEMENTS--GENERAL INFORMATION
fixed length control field 250701b |||||||| |||| 00| 0 eng d
040 ## - CATALOGING SOURCE
Transcribing agency Parliament of Kenya
082 ## - DEWEY DECIMAL CLASSIFICATION NUMBER
Classification number 378.198
245 ## - TITLE STATEMENT
Title Killing a virus with Stones?
Remainder of title Research on the Implementation of Policies Against Sexual Harassment in Southern African Higher Education
942 ## - ADDED ENTRY ELEMENTS (KOHA)
Source of classification or shelving scheme Dewey Decimal Classification
Koha item type Books
Holdings
Withdrawn status Lost status Source of classification or shelving scheme Damaged status Not for loan Home library Current library Date acquired Total Checkouts Full call number Barcode Date last seen Price effective from Koha item type
    Dewey Decimal Classification     Continental House Library Continental House Library 07/01/2025   378.198 BEN 2025/0072 07/01/2025 07/01/2025 Books
LIBRARY OPENING HOURS

When the Parliament is sitting: 8.00a.m - 7.00p.m or until the house adjourns
Mondays and Fridays and when the House is on Recess:  8.00a.m - 5.00p.m
Closed on Weekends and Public Holidays

Online Public Access Catalog (OPAC)
Website: http://www.parliament.go.ke
Bunge Library: https://libraryir.parliament.go.ke
Contact: library@parliament.go.ke | Tel no: (254-2)2221291 or 2848000 Ext 5043